Seguridad eléctrica en instalaciones hospitalarias.

Gardado en:
Detalles Bibliográficos
Autor Principal: Bolaños M, Luis G
Outros autores: Conejo R., Jorge Fernando, Vega C., Mario Alberto, Rojas A., Juan César, Solís R., William V, Thomas R., José Joaquín
Formato: Libro
Publicado: San José, Costa Rica 1986
Materias:
Etiquetas: Engadir etiqueta
Sen Etiquetas, Sexa o primeiro en etiquetar este rexistro!

MARC

LEADER 00000nam a2200000Ia 4500
003 004313
005 20221231144350.0
008 140114s1986 cr a m 000 ||s d
040 |c cru CEDI 
090 |a TFG 1970 
100 |a Bolaños M, Luis G  |9 13936 
245 |a Seguridad eléctrica en instalaciones hospitalarias. 
260 |c 1986  |a San José, Costa Rica 
300 |a  xiii, [258] hojas : ilustraciones ; 29 cm  
500 |a  Seminario de graduación (licenciatura en ingeniería eléctrica)--Universidad de Costa Rica. Facultad de Ingeniería . Escuela de Ingeniería Eléctrica  
650 |x INSTALACIONES ELECTRICAS - EQUIPO ELECTRICO  |9 13942 
700 |9 13937  |a Conejo R., Jorge Fernando 
700 |9 13941  |a Vega C., Mario Alberto 
700 |9 13938  |a Rojas A., Juan César 
700 |9 13939  |a Solís R., William V 
700 |9 13940  |a Thomas R., José Joaquín 
942 |c TFG 
999 |c 20792  |d 20792